000 00841nam a2200253Ia 4500
003 OSt
005 20220923224303.0
006 a|||||r|||| 00| 0
007 ta
008 220922b |||||||| |||| 00| 0 hin d
024 _a230,548
037 _cTextual
040 _aARTS
_cARTS
_bhin
041 _2hin
_ahin
082 _aO152,3N73x, P5
100 _aमानस, मुकेश
245 0 _aउन्नीस सौ चौरासी
_b कहानी संग्रह
246 _aUnnīs sau chaurāsī: kahānī sangraha
260 _aदिल्ली
_b स्वराज प्रकाशन
_c2005
300 _a146पृ.
_ccm.
650 _aहिन्दी साहित्य
_9156264
942 _hO152,3N73x, P5
_cTEXL
_2CC
999 _c370398
_d370398